| 000 | 02167nam a22003257a 4500 | ||
|---|---|---|---|
| 005 | 20110421114812.0 | ||
| 008 | 110421t xxu||||| |||| 00| 0 eng d | ||
| 010 | _aENG-102264 | ||
| 020 |
_a9780071077347 _c450.00 |
||
| 020 |
_a0071077340 _c450.00 |
||
| 035 | _aEN-85797 | ||
| 037 | _bDBAD / PUB | ||
| 040 |
_adpl _bEng |
||
| 082 | _a005.133 | ||
| 100 |
_927399 _aDiMarzio, J. F. |
||
| 245 |
_aJavaFX : _ba beginner’s guide / |
||
| 260 |
_aNew Delhi _bTata McGraw-Hill _c2011 |
||
| 270 |
_a7, West Patel Nagar _bNew Delhi _e110008 |
||
| 300 |
_axv, 300p. : _c24cm.(pbk) _bill. |
||
| 490 |
_aOracle Press _927402 |
||
| 500 | _a"Covers release 1.3"--Cover. | ||
| 500 | _aIncludes index. | ||
| 505 | _aIntroduction to JavaFX -- Setting the scene -- Hello world -- Creating shapes -- Using colors and gradients -- Using images -- Applying effects and transformations -- Basic animation -- Using events -- Give it some swing -- Custom nodes and overriding -- Embedded video and music -- Using JavaFX layouts -- Style your JavaFX with CSS -- Deploying JavaFX -- Node property reference -- JavaFX command-line arguments -- Answers to self tests. | ||
| 520 | _a"Create immersive, interactive environments for any platform. JavaFXTM: A Beginner’s Guide begins by explaining the technology behind JavaFX and quickly moves on to installing the JavaFX development environment and tools, including the JavaFX SDK, the Java SE JDK, and NetBeans. Then, you’ll learn how to develop desktop, browser, and mobile applications with ease. The book covers effects and transformations, animation, events, and Swing components. Techniques for creating custom nodes, embedding video and music, using JavaFX layouts, and styling with CSS are also discussed"-- |c Provided by publisher. | ||
| 630 |
_aJavaFX (Electronic resource) _927403 |
||
| 650 |
_aJava (Computer program language) _927404 |
||
| 650 |
_aGraphical user interfaces (Computer systems) _927405 |
||
| 942 |
_adpl _cEN _2ddc _h005.133 _mDIM |
||
| 999 |
_c51765 _d51765 |
||